Statistics for Movies by Letter - I

Click here to take the quiz!

General Stats

  • This quiz has been taken 25 times
  • The average score is 11 of 25

Answer Stats

HintAnswer% Correct
1927 Clara Bow film or Stephen King story about a killer clownIt
100%
Country of The Color of Paradise, The White Balloon, and Where Is the Friend's House?Iran
78%
The country of neorealismItaly
78%
When actors go off scriptimprovisation
70%
Country of Cartoon SaloonIreland
70%
First Marvel Cinematic Universe filmIron Man
70%
Christmas film about George BaileyIt's a Wonderful Life
65%
Brad Bird's superhero familyThe Incredibles
61%
Animated franchise featuring Ray Romano and Denis LearyIce Age
52%
Possible victim of the Headless HorsemanIchabod Crane
48%
Knows how to punch a NaziIndiana Jones
43%
Sidney Poitier is a detective wrongly accused of murderIn the Heat of the Night
39%
Playwright of film adaptations like Hedda Gabler and A Doll's HouseHenrik Ibsen
35%
In The Three Amigos, El Guapo is not just famous, he's thisinfamous
35%
Cartoon character brought to life by Matthew BroderickInspector Gadget
35%
Star of Ex Machine and Star Wars: The Force AwakensOscar Isaac
35%
Oscar-winning documentary about global warmingAn Inconvenient Truth
30%
Coen brothers film starring the aboveInside Llewyn Davis
26%
Pixar film directed by Pete DocterInside Out
26%
Wong Kar-wai film with Maggie Cheung and Tony LeungIn the Mood for Love
22%
1963 ensemble comedy about a stolen $350,000It's a Mad, Mad, Mad, Mad World
17%
D. W. Griffith film with multiple stories from different time periodsIntolerance
13%
Universal Studios horror film starring Claude RainsThe Invisible Man
13%
Early film director who may or may not have been murdered on William Randolph Hearst's yachtThomas Ince
4%
Marvin the Martian's "booming" device: __________ Pu-36 Explosive Space ModulatorIlludium
0%

Score Distribution

Percentile by Number Answered

Percent of People with Each Score

Your Score History

You have not taken this quiz